Films avec Sara Giraudeau par image - Statistiques

Statistiques générales
  • Ce quiz a été pris 6 fois
  • Le résultat moyen est 6 sur 16
Statistiques - réponses
Par images Réponse % Correct
Bernadette
83%
La Venue de l'avenir
67%
Le Discours
67%
Petit Paysan
50%
Adieu monsieur Haffmann
33%
Denis
33%
La Page blanche
33%
Le Roman de Jim
33%
Le Sixième Enfant
33%
Médecin de nuit
33%
Papa ou Maman 2
33%
French Lover
17%
La Belle et la Bête
17%
Les Bêtises
17%
Les Envoûtés
17%
Les Traducteurs
17%
Aucun quiz correspondant
Distribution des résultats
% des personnes avec chaque résultat
Percentile par nombre de réponses
Votre historique - résultats
Vous n’avez pas pris ce quiz